| 000 | 00601nam a22001937a 4500 | ||
|---|---|---|---|
| 999 |
_c191598 _d191598 |
||
| 005 | 20220830123927.0 | ||
| 010 | _aUR-11688 | ||
| 020 |
_a9789391238971 _c200.00 |
||
| 035 | _aU-10243 | ||
| 037 |
_bDBAD/PUB _a- |
||
| 082 | _a080 | ||
| 100 | _aمحمد ذاکر | ||
| 245 |
_aبکھری تحریریں / _cمحمد ذاکر |
||
| 246 |
_aBikhri Tehreeren / _bby Mohammed Zakir |
||
| 260 |
_aNew Delhi _bEducational Publishing House _c2022 ء |
||
| 270 |
_aH.O. D1/16, Ansari Road, Darya Ganj _bNew Delhi _e110002 |
||
| 300 |
_a182 ص _c21cm(Hb) |
||
| 942 |
_2ddc _cUR _h080 _mذ ا ک |
||